The constitutions of the Philippines : (Record no. 72626)

MARC details
000 -LEADER
fixed length control field 01256nam a22002537i 4500
003 - CONTROL NUMBER IDENTIFIER
control field URS
005 - DATE AND TIME OF LATEST TRANSACTION
control field 20251001091327.0
008 - FIXED-LENGTH DATA ELEMENTS--GENERAL INFORMATION
fixed length control field 180614s2007 ph ||||| |||| 00| 0 eng d
020 ## - INTERNATIONAL STANDARD BOOK NUMBER
International Standard Book Number 9712716775
040 ## - CATALOGING SOURCE
Description conventions rda
Transcribing agency URS
Language of cataloging eng
050 14 - LIBRARY OF CONGRESS CALL NUMBER
Classification number KPM1744
Item number .C7663 2007
245 04 - TITLE STATEMENT
Title The constitutions of the Philippines :
Remainder of title with a copy of the Constitution of the United States of America /
264 #1 - PRODUCTION, PUBLICATION, DISTRIBUTION, MANUFACTURE, AND COPYRIGHT NOTICE
Place of production, publication, distribution, manufacture Manila :
Name of producer, publisher, distributor, manufacturer Anvil Law Books Series,
Date of production, publication, distribution, manufacture, or copyright notice [date of publication not identified]
264 #3 - PRODUCTION, PUBLICATION, DISTRIBUTION, MANUFACTURE, AND COPYRIGHT NOTICE
Date of production, publication, distribution, manufacture, or copyright notice second printing 2007
300 ## - PHYSICAL DESCRIPTION
Extent 150 pages ;
Dimensions 25 cm
336 ## - CONTENT TYPE
Source rdacontent
Content type term text
337 ## - MEDIA TYPE
Source rdamedia
Media type term unmediated
338 ## - CARRIER TYPE
Source rdacarrier
Carrier type term volume
440 ## - SERIES STATEMENT/ADDED ENTRY--TITLE
9 (RLIN) 1474
Title Anvil law books series
505 ## - FORMATTED CONTENTS NOTE
Formatted contents note The Constitution of the Republic of the Philippines, 1987 -- The provisional "freedom" constitution of the Republic of the Philippines, 1986 -- The Constitution of the Republic of the Philippines, 1973 -- The Constitution of the Republic of the Philippines, 1935 -- The Constitution of the Republic of the Philippines, 1899 -- The Constitution of the United States of America -- The Constitution of the United States of America, Amendments
650 #0 - SUBJECT ADDED ENTRY--TOPICAL TERM
Topical term or geographic name entry element Constitutional law
Geographic subdivision Philippines
650 #0 - SUBJECT ADDED ENTRY--TOPICAL TERM
Topical term or geographic name entry element Constitutional law
Geographic subdivision United States
942 ## - ADDED ENTRY ELEMENTS (KOHA)
Koha item type Filipiniana
Source of classification or shelving scheme Library of Congress Classification
Holdings
Withdrawn status Source of classification or shelving scheme Damaged status Not for loan Collection code Home library Current library Shelving location Date acquired Total Checkouts Full call number Barcode Date last seen Price effective from Koha item type
  Library of Congress Classification     Non-fiction Tanay College Library Tanay College Library Reserve Section 02/18/2015   KPM1744 .C7663 2007 URSTAN-N1183 06/14/2018 02/18/2015 Reserved Books

University of Rizal System
Email us at univlibservices@urs.edu.ph

Visit our Website www.urs.edu.ph/library